|
|
|
|
| LEADER |
00000nbm0a2200000 4500 |
| 001 |
175801 |
| 005 |
20231031165146.0 |
| 035 |
|
|
|a (RuTPU)RU\TPU\book\190599
|
| 090 |
|
|
|a 175801
|
| 100 |
|
|
|a 20100217d1967 k y0rusy50 ca
|
| 101 |
0 |
|
|a rus
|
| 102 |
|
|
|a RU
|
| 105 |
|
|
|a y z 100zy
|
| 200 |
1 |
|
|a Отчет оргкомитета о подготовке и работе межвузовской конференции по радиационной физике, 5-10 июня 1967 г.
|f Томский политехнический институт (ТПИ)
|
| 210 |
|
|
|a Томск
|d 1967
|
| 215 |
|
|
|a 160 л.
|
| 610 |
1 |
|
|a радиационная физика
|
| 610 |
1 |
|
|a организационный комитет
|
| 610 |
1 |
|
|a конференции
|
| 610 |
1 |
|
|a официальные материалы
|
| 610 |
1 |
|
|a рабочие материалы
|
| 610 |
1 |
|
|a протоколы
|
| 610 |
1 |
|
|a секции
|
| 610 |
1 |
|
|a отчеты
|
| 675 |
|
|
|a 539.16.04
|v 3
|
| 712 |
0 |
2 |
|a Томский политехнический институт (ТПИ)
|c (1944-1991)
|2 stltpush
|3 (RuTPU)RU\TPU\col\1123
|
| 801 |
|
1 |
|a RU
|b 63413507
|c 20100217
|
| 801 |
|
2 |
|a RU
|b 63413507
|c 20110128
|g RCR
|
| 942 |
|
|
|c BK
|